Mountain West College Football Teams - Statistics

General Stats
  • This quiz has been taken 149 times
    25 since last reset
  • The average score is 11 of 12
Answer Stats
Answer % Correct
Fresno State
100%
San Diego State
100%
Boise State
95%
Colorado State
95%
San Jose State
95%
Utah State
95%
Air Force
89%
Hawaii
89%
UNLV
89%
Wyoming
89%
New Mexico
84%
Nevada
79%
No matching quizzes found
Score Distribution
Percent of People with Each Score
Percentile by Number Answered
Your Score History
You have not taken this quiz since the last reset